[Event "Polanica Zdroj op-D 56th"]
[Site "Polanica Zdroj"]
[Date "2020.08.22"]
[Round "8"]
[White "Bednarczyk, Mateusz"]
[Black "Jurkiewicz, Joanna"]
[Result "1/2-1/2"]
[WhiteElo "1500"]
[BlackElo "1691"]
[PlyCount "99"]
[EventDate "2020.08.15"]
[EventType "swiss"]
[EventRounds "9"]
[EventCountry "POL"]
[SourceTitle "CBM 198 Extra"]
[Source "ChessBase"]
[SourceDate "2020.11.30"]
[SourceVersion "1"]
[SourceVersionDate "2020.11.30"]
[SourceQuality "1"]

1. e4 b6 2. d4 Bb7 3. Bd3 e6 4. Nc3 Bb4 5. Qf3 Ne7 6. Nge2 d5 7. e5 c5 8. a3 Bxc3+ 9. bxc3 Nbc6 10. Bb5 a6 11. Bxc6+ Bxc6 12. Ng3 Bb5 13. Nh5 Rg8 14. Qh3 cxd4 15. Bh6 Qc7 16. Nxg7+ Kd7 17. cxd4 Qxc2 18. Qe3 Qg6 19. g3 Rxg7 20. Bxg7 Qxg7 21. a4 Bc4 22. 0-0-0 Rc8 23. Kb2 Nc6 24. Qa3 Qf8 25. Qxf8 Rxf8 26. Rd2 Na5 27. Ka3 Nb3 28. Rb2 Nxd4 29. Rxb6 Nf3 30. Rhb1 Nxe5 31. f4 Nc6 32. Kb2 Rb8 33. Rxb8 Nxb8 34. Kc3 Kc7 35. Kd4 f6 36. g4 Nc6+ 37. Kc3 e5 38. fxe5 fxe5 39. Rg1 Nd4 40. Rg2 Kd6 41. g5 Ke6 42. h4 Kf5 43. h5 Ne2+ 44. Kd2 Nf4 45. g6 hxg6 46. h6 Kf6 47. Rh2 g5 48. h7 Ng6 49. Rh6 Kg7 50. Rh2 1/2-1/2

[Event "Polanica Zdroj op-D 56th"]
[Site "Polanica Zdroj"]
[Date "2020.08.20"]
[Round "6"]
[White "Jurkiewicz, Joanna"]
[Black "Bukala, Weronika"]
[Result "0-1"]
[WhiteElo "1691"]
[BlackElo "1504"]
[PlyCount "58"]
[EventDate "2020.08.15"]
[EventType "swiss"]
[EventRounds "9"]
[EventCountry "POL"]
[SourceTitle "CBM 198 Extra"]
[Source "ChessBase"]
[SourceDate "2020.11.30"]
[SourceVersion "1"]
[SourceVersionDate "2020.11.30"]
[SourceQuality "1"]

1. e4 Nf6 2. Nc3 d5 3. exd5 Nxd5 4. Nxd5 Qxd5 5. Qf3 Qc5 6. c3 Nc6 7. d4 Qa5 8. Bc4 Bf5 9. Bd2 e6 10. Ne2 0-0-0 11. 0-0 Ne5 12. dxe5 Rxd2 13. b4 Qxe5 14. Nd4 Bg6 15. Rfe1 Qh5 16. Qe3 Qh6 17. Bxe6+ fxe6 18. Qxe6+ Kd8 19. Qd5+ Bd6 20. g3 Kc8 21. Qa5 Rxf2 22. Nf3 Rxf3 23. Qxa7 Bxg3 24. Qa8+ Kd7 25. Rad1+ Bd3 26. Qa4+ c6 27. Re2 Bxh2+ 28. Rxh2 Qg5+ 29. Rg2 Qe3+ 0-1

[Event "Polanica Zdroj op-D 56th"]
[Site "Polanica Zdroj"]
[Date "2020.08.17"]
[Round "3"]
[White "Garwacki, Kornel"]
[Black "Jurkiewicz, Joanna"]
[Result "1/2-1/2"]
[WhiteElo "1492"]
[BlackElo "1691"]
[PlyCount "85"]
[EventDate "2020.08.15"]
[EventType "swiss"]
[EventRounds "9"]
[EventCountry "POL"]
[SourceTitle "CBM 198 Extra"]
[Source "ChessBase"]
[SourceDate "2020.11.30"]
[SourceVersion "1"]
[SourceVersionDate "2020.11.30"]
[SourceQuality "1"]

1. e4 b6 2. d4 Bb7 3. f3 e6 4. c4 d5 5. Nc3 Nf6 6. Bg5 Be7 7. e5 Nfd7 8. Bxe7 Qxe7 9. f4 dxc4 10. Nf3 Bd5 11. Qa4 Bxf3 12. gxf3 Qh4+ 13. Ke2 0-0 14. Nb5 Rc8 15. Qxc4 Qxf4 16. Nd6 Nxe5 17. Qc3 Nxf3 18. Nxc8 Nxd4+ 19. Kd3 Qf3+ 20. Kxd4 c5+ 21. Kc4 Qd5+ 22. Kb5 Qxh1 23. Ne7+ Kf8 24. Rd1 Kxe7 25. Qxg7 Qc6+ 26. Kc4 Qa4+ 27. b4 Qxb4+ 28. Kd3 Qd4+ 29. Qxd4 cxd4 30. Bg2 Nc6 31. Bxc6 Rc8 32. Bb7 Rc7 33. Ba6 e5 34. Rd2 f5 35. Rf2 Rc3+ 36. Kd2 f4 37. Bd3 h6 38. Rg2 Ra3 39. Bc4 Rc3 40. Bd3 Ra3 41. Bc4 Rh3 42. Bf1 Ra3 43. Bc4 1/2-1/2

[Event "Rubinstein Memorial-C 54th"]
[Site "Polanica Zdroj"]
[Date "2018.08.22"]
[Round "5"]
[White "Jurkiewicz, Joanna"]
[Black "Czuchnicki, Adam"]
[Result "1-0"]
[WhiteElo "1663"]
[BlackElo "1922"]
[PlyCount "103"]
[EventDate "2018.08.18"]
[EventType "swiss"]
[EventRounds "9"]
[EventCountry "POL"]
[SourceTitle "EXT 2020"]
[Source "ChessBase"]
[SourceDate "2019.10.17"]
[SourceVersion "1"]
[SourceVersionDate "2019.10.17"]
[SourceQuality "1"]

1. e4 c5 2. Nf3 d6 3. d4 cxd4 4. Nxd4 Nf6 5. Nc3 a6 6. a4 e5 7. Nb3 Be7 8. Be2 Be6 9. Be3 0-0 10. 0-0 Nbd7 11. a5 Rc8 12. f3 Qc7 13. Bd3 Qc6 14. Qe1 d5 15. exd5 Nxd5 16. Nxd5 Bxd5 17. Kh1 Qe6 18. Nd2 f5 19. c4 Bc6 20. Nb3 Kh8 21. Bf2 g5 22. Nd4 Qg6 23. Nxc6 Qxc6 24. b3 Qf6 25. Bc2 Nc5 26. Qc3 Rfd8 27. Rad1 Ne6 28. Rxd8+ Rxd8 29. Bb6 Rd7 30. b4 Nd4 31. Ba4 Nc6 32. Bxc6 bxc6 33. Re1 e4 34. Qxf6+ Bxf6 35. fxe4 fxe4 36. g3 Bc3 37. Rxe4 Bxb4 38. Re6 Rd6 39. Re8+ Kg7 40. Ra8 Rd1+ 41. Kg2 Rc1 42. Rxa6 Rxc4 43. Ra7+ Kg6 44. a6 Bc5 45. Bxc5 Rxc5 46. Rc7 Rc2+ 47. Kf3 Rxh2 48. a7 Ra2 49. Rxc6+ Kf5 50. g4+ Ke5 51. Rc5+ Kd6 52. Rxg5 1-0

[Event "POL-chT2"]
[Site "Poronin"]
[Date "2013.09.15"]
[Round "9"]
[White "Jurkiewicz, Joanna"]
[Black "Andrejczuk, Beata"]
[Result "0-1"]
[WhiteElo "1821"]
[BlackElo "2138"]
[PlyCount "40"]
[EventDate "2013.09.06"]
[EventType "team-swiss"]
[EventRounds "9"]
[EventCountry "POL"]
[SourceTitle "EXT 2015"]
[Source "ChessBase"]
[SourceDate "2014.11.20"]
[SourceVersion "1"]
[SourceVersionDate "2014.11.20"]
[SourceQuality "1"]
[WhiteTeam "Kolbudy UKS Zawisza"]
[BlackTeam "Zielonka Zieloni"]
[WhiteTeamCountry "POL"]
[BlackTeamCountry "POL"]

1. e4 d5 2. exd5 Qxd5 3. Nc3 Qa5 4. d4 c6 5. Nf3 Nf6 6. Bd2 Qc7 7. Bd3 Bg4 8. h3 Bh5 9. Ne4 Nxe4 10. Bxe4 Nd7 11. g4 Bg6 12. Bxg6 hxg6 13. Qe2 e6 14. 0-0-0 Be7 15. Ne5 Nxe5 16. dxe5 0-0-0 17. f4 Rd5 18. Qf3 Rhd8 19. Be3 Qa5 20. a3 Bxa3 0-1

[Event "POL-chT2"]
[Site "Poronin"]
[Date "2013.09.11"]
[Round "5.90"]
[White "Turzynska, Grazyna"]
[Black "Jurkiewicz, Joanna"]
[Result "0-1"]
[WhiteElo "1476"]
[BlackElo "1821"]
[PlyCount "67"]
[EventDate "2013.09.06"]
[EventType "team-swiss"]
[EventRounds "9"]
[EventCountry "POL"]
[SourceTitle "EXT 2015"]
[Source "ChessBase"]
[SourceDate "2014.11.20"]
[SourceVersion "1"]
[SourceVersionDate "2014.11.20"]
[SourceQuality "1"]
[WhiteTeam "Chojnice UKS Osemka"]
[BlackTeam "Kolbudy UKS Zawisza"]
[WhiteTeamCountry "POL"]
[BlackTeamCountry "POL"]

1. e4 c5 2. Nf3 Nc6 3. d4 cxd4 4. Nxd4 Nf6 5. Nxc6 bxc6 6. Bd3 d6 7. 0-0 e5 8. Nc3 Be7 9. h3 0-0 10. b3 d5 11. a3 d4 12. Ne2 c5 13. c3 Bb7 14. cxd4 cxd4 15. Ng3 Rc8 16. Bb2 Ne8 17. Nf5 Nd6 18. Qg4 Nxf5 19. Qxf5 Bf6 20. Rac1 g6 21. Rxc8 Bxc8 22. Qf3 Be6 23. b4 Bg5 24. Bc1 Qe7 25. Bxg5 Qxg5 26. Kh2 Rc8 27. Qd1 Rc3 28. g3 Rxa3 29. Be2 Ra2 30. Bf3 Bc4 31. Qb1 Qd2 32. Rg1 Qxf2+ 33. Bg2 Qc2 34. Qe1 0-1

[Event "POL-chT3 Pomorskie"]
[Site "Poland"]
[Date "2013.02.03"]
[Round "4.14"]
[White "Sobczynski, Roman"]
[Black "Jurkiewicz, Joanna"]
[Result "1/2-1/2"]
[WhiteElo "1907"]
[BlackElo "1846"]
[PlyCount "65"]
[EventDate "2013.01.13"]
[EventType "team-tourn"]
[EventRounds "9"]
[EventCountry "POL"]
[SourceTitle "EXT 2019"]
[Source "ChessBase"]
[SourceDate "2018.10.10"]
[SourceVersion "1"]
[SourceVersionDate "2018.10.10"]
[SourceQuality "1"]
[WhiteTeam "Kwidzyn MTS"]
[BlackTeam "Kolbudy UKS Zawisza"]
[WhiteTeamCountry "POL"]
[BlackTeamCountry "POL"]

1. e4 c5 2. Nf3 Nc6 3. Bb5 a6 4. Bxc6 bxc6 5. 0-0 d6 6. e5 d5 7. d4 e6 8. c3 cxd4 9. cxd4 c5 10. dxc5 Bxc5 11. Qc2 Bb6 12. Bg5 f6 13. exf6 Nxf6 14. Ne5 Qc7 15. Qa4+ Bd7 16. Nxd7 Qxd7 17. Qa3 Ne4 18. Be3 Bc7 19. Nd2 Bd6 20. Qd3 Nxd2 21. Bxd2 0-0 22. Bc3 Qb5 23. Qh3 Rae8 24. Rad1 e5 25. b3 d4 26. Ba1 Rf7 27. f4 exf4 28. Bxd4 Bc5 29. Bxc5 Qxc5+ 30. Kh1 Ref8 31. Qd3 Qc6 32. Rf3 Qe6 33. h3 1/2-1/2

[Event "POL-chT 2nd League"]
[Site "Lazy"]
[Date "2012.09.06"]
[Round "6"]
[White "Jurkiewicz, Joanna"]
[Black "Poznanska, Katarzyna"]
[Result "0-1"]
[WhiteElo "1814"]
[BlackElo "2086"]
[PlyCount "56"]
[EventDate "2012.09.01"]
[EventType "team-swiss"]
[EventRounds "9"]
[EventCountry "POL"]
[SourceTitle "EXT 2019"]
[Source "ChessBase"]
[SourceDate "2018.10.10"]
[SourceVersion "1"]
[SourceVersionDate "2018.10.10"]
[SourceQuality "1"]
[WhiteTeam "Kolbudy UKS Zawisza"]
[BlackTeam "Wroclaw KS Polonia"]
[WhiteTeamCountry "POL"]
[BlackTeamCountry "POL"]

1. e4 c5 2. Nf3 e6 3. d4 cxd4 4. Nxd4 a6 5. Nc3 b5 6. a3 Bb7 7. Bd3 Qc7 8. 0-0 Nf6 9. Nb3 Be7 10. Kh1 d6 11. f3 Nbd7 12. Qe2 h5 13. Qf2 h4 14. Rd1 h3 15. g3 Rc8 16. Be3 d5 17. exd5 Nxd5 18. Nxd5 Bxd5 19. Kg1 Ne5 20. Nd4 Qb7 21. c3 g5 22. Be4 Bxe4 23. fxe4 Qxe4 24. Qe2 Bc5 25. Rd2 Nc4 26. Bxg5 Nxd2 27. Qxd2 Bxd4+ 28. Kf1 Qg2+ 0-1

[Event "Polanica Zdroj op-D 48th"]
[Site "Polanica Zdroj"]
[Date "2012.08.20"]
[Round "3"]
[White "Kopera, Marek"]
[Black "Jurkiewicz, Joanna"]
[Result "1/2-1/2"]
[WhiteElo "1573"]
[BlackElo "1841"]
[PlyCount "55"]
[EventDate "2012.08.18"]
[EventType "swiss"]
[EventRounds "9"]
[EventCountry "POL"]
[SourceTitle "EXT 2014"]
[Source "ChessBase"]
[SourceDate "2013.11.20"]
[SourceVersion "1"]
[SourceVersionDate "2013.11.20"]
[SourceQuality "1"]

1. e4 c5 2. Nf3 Nc6 3. d4 cxd4 4. Nxd4 Nf6 5. Nc3 d6 6. Bb5 Bd7 7. 0-0 e6 8. Be3 a6 9. Bxc6 bxc6 10. Qf3 c5 11. Nb3 Bc6 12. Rad1 Qc7 13. Bf4 e5 14. Bg5 Be7 15. Qd3 Nd7 16. Bxe7 Kxe7 17. Nd5+ Bxd5 18. Qxd5 Nb6 19. Qd2 Rhd8 20. Qa5 Qb7 21. Nd2 c4 22. Qb4 a5 23. Qa3 Qc6 24. Nf3 f6 25. Qe3 Na4 26. b3 cxb3 27. cxb3 Nc5 28. Rd5 1/2-1/2

[Event "Polanica Zdroj op-C 43rd"]
[Site "Polanica Zdroj"]
[Date "2007.08.24"]
[Round "8.9"]
[White "Lapaj, Mateusz"]
[Black "Jurkiewicz, Joanna"]
[Result "1/2-1/2"]
[WhiteElo "1794"]
[BlackElo "1870"]
[PlyCount "50"]
[EventDate "2007.08.17"]
[EventType "swiss"]
[EventRounds "9"]
[EventCountry "POL"]
[SourceTitle "CBM 120 Extra"]
[Source "ChessBase"]
[SourceDate "2007.11.01"]
[SourceVersion "1"]
[SourceVersionDate "2007.11.01"]
[SourceQuality "1"]

1. e4 c5 2. Nc3 d6 3. g3 e6 4. Bg2 Nc6 5. d3 Nf6 6. Nge2 Be7 7. h3 a6 8. Be3 d5 9. exd5 exd5 10. d4 cxd4 11. Nxd4 0-0 12. 0-0 Bb4 13. Nce2 Ne5 14. Bf4 Re8 15. c3 Ba5 16. Kh2 h6 17. Nf3 Ng6 18. Qc2 Nxf4 19. Nxf4 Bc7 20. Ne2 Bd7 21. Ned4 Rc8 22. Rad1 Ne4 23. Nd2 Nf6 24. N2f3 Ne4 25. Nd2 Nf6 1/2-1/2

[Event "Polanica Zdroj op-C 43rd"]
[Site "Polanica Zdroj"]
[Date "2007.08.23"]
[Round "7.15"]
[White "Jurkiewicz, Joanna"]
[Black "Dzionk, Agata"]
[Result "1-0"]
[WhiteElo "1870"]
[BlackElo "1771"]
[PlyCount "111"]
[EventDate "2007.08.17"]
[EventType "swiss"]
[EventRounds "9"]
[EventCountry "POL"]
[SourceTitle "CBM 120 Extra"]
[Source "ChessBase"]
[SourceDate "2007.11.01"]
[SourceVersion "1"]
[SourceVersionDate "2007.11.01"]
[SourceQuality "1"]

1. e4 d5 2. exd5 Qxd5 3. Nc3 Qa5 4. d4 Nf6 5. Bd2 c6 6. Bc4 Bf5 7. Nf3 Nbd7 8. Qe2 e6 9. d5 cxd5 10. Nxd5 Qd8 11. Nxf6+ gxf6 12. Nd4 Bg6 13. 0-0-0 Be7 14. Bc3 e5 15. Nf3 Qc7 16. Nh4 0-0-0 17. Nxg6 fxg6 18. f4 Bd6 19. fxe5 Nxe5 20. Be6+ Kb8 21. Qf2 Rhf8 22. Rhe1 Ka8 23. h3 Rde8 24. Bd5 Rc8 25. g4 f5 26. gxf5 Rxf5 27. Qg2 Rb8 28. Be6 Rf6 29. Bb3 Rf5 30. Kb1 Re8 31. Qd5 Rf6 32. Ba4 Re7 33. Bb3 a6 34. Ba5 Qc6 35. Qd4 Bc5 36. Qd8+ Ka7 37. Bc3 Nf7 38. Qd2 Rd6 39. Qh2 Rxd1+ 40. Rxd1 Nd6 41. Qf4 Nf5 42. a3 Be3 43. Qb4 Qf3 44. Rd3 Qc6 45. Qg4 Re4 46. Qd1 Qb6 47. Bd5 Rf4 48. Be5 Bd4 49. Rb3 Qxb3 50. Bxb3 Bxe5 51. Be6 Ne3 52. Qd3 Rf1+ 53. Ka2 Bf4 54. Bc8 Rd1 55. Qe4 Nd5 56. c4 1-0